000 00314nam a2200145Ia 4500
100 _aZeines benjamin
250 _a2
942 _cBK
654 _amodeling
245 _aTheory of modeling and simulation
260 _bHarcourt India pvt ltd
_c2000
082 _a3.3
_bZEI
300 _a510
546 _aENGLISH
999 _c23346
_d23346